LEADER 00481nab a2200133 i 4500 001 000000327955 003 CaOOAMICUS 005 20180831173551.0 008 180831n it uu u0 0ita r 013 $a39553 040 $aSeMil$bita 245 10$aAnticipare il futuro. Restare in cammino. - In [rubrica] :$bCandidati '98. 773 0 $t[MAGGIO 1998]. - 32 p.$gp.8-9$w()290629 996 $6245$aAnticipare il futuro. Restare in cammino. - In [rubrica] :$bCandidati '98.$9(OLS)http://semarc/title/416558 LEADER 01191nam a2200277 i 4500 001 000000038253 003 CaOOAMICUS 005 20100227000000.0 008 100227s1990 it u000 u ita u 013 $a8678 040 $aSeMil$bita 100 1 $aPortillo, Álvaro : del,$c.$0(OLS)http://semarc/name/15674 245 10$aConsacrazione & missione del sacerdote /$cAlvaro del Portillo ; presentazione di Javier Echevarría. 250 $a2. edizione ampliata. 260 $aMilano :$bAres,$ccopyr. 1990. 300 $a157 p. ;$c21 cm. 490 0 $aEmmaus. Nuova serie 500 $aContiene : Appendice ; Riferimenti bibliografici. 650 4$aSacerdozio - Spiritualità.$0(OLS)http://semarc/subject/2395 700 1 $aEchevarría, Javier .$0(OLS)http://semarc/name/18344 830 0$aEmmaus. Nuova serie.$0(OLS)http://semarc/title/10128 850 $aSeMil 852 $aSeMil$W1$xVenegono$y1$m3E V 308$j4408$B4408$CSeMilBibl$Z2$F4408 $81 961 $aOmaggio: Scuola Cattolica 996 $6245$aConsacrazione & missione del sacerdote$9(OLS)http://semarc/title/46232 996 $6260$aMilano :$bAres$9(OLS)http://semarc/publisher/30250